Cyclisme : Top 20 du Tour de Catalogne 2024 - Statistiques

Statistiques générales
  • Ce quiz a été pris 19 fois
  • Le résultat moyen est 12 sur 20
Statistiques - réponses
Position Equipe Coureur % Correct
3eme Ineos Grenadier Egan Bernal
100%
5eme Movistar Team Enric Mas
100%
2eme Soudal Quick Step Mikel Landa
100%
1er UAE Team Emirates Tadej Pogacar
100%
4eme BORA Hansgrohe Alexandr Vlasov
88%
12eme Arkea B&B Hotels Cristian Rodriguez
88%
7eme Groupama FDJ Lenny Martinez
88%
9eme UAE Team Emirates Joao Almeida
69%
13eme Visma Lease a Bike Sepp Kuss
69%
8eme Bahrain Victorious Antonio Tiberi
56%
16eme Ineos Grenadier Laurens De Plus
56%
11eme Bahrain Victorious Wouter Poels
56%
14eme Movistar Team Ener Rubio
50%
6eme Jayco AlUla Chris Harper
44%
10eme Astana Qazaqstan Team Lorenzo Fortunato
44%
19eme Bahrain Victorious Damiano Caruso
31%
17eme Lidl Trek Carlos Verona
25%
18eme Decathlon Ag2r La Mondiale Clement Berthet
25%
15eme Israel Premier Tech George Bennett
19%
20eme Soudal Quick Step Jan Hirt
19%
Aucun quiz correspondant
Distribution des résultats
% des personnes avec chaque résultat
Percentile par nombre de réponses
Votre historique - résultats
Vous n’avez pas pris ce quiz